Quick Pick: Sporcle Category by Word Ladder Quiz Stats

 Plays Quiz not verified by Sporcle

Support Sporcle.
Go Orange.
Score 0/15 Timer 01:30
1 Play Today
% Correct
Sports
87.7%
Religion
87.4%
Science
86.5%
History
84.1%
Music
84.1%
Language
83.6%
Geography
78.3%
Movies
76.9%
% Correct
Literature
75.8%
Holiday
75.6%
Gaming
69.4%
Miscellaneous
59.3%
Just for Fun
59.1%
Entertainment
51.3%
Television
39.4%

You're not logged in!

Compare scores with friends on all Sporcle quizzes.
OR
Log In

From the Vault

Historical Events of 2010

by Lightsim

This quiz is just here to remind you of everything you've forgotten this year.
Remove Ads.
Support Sporcle.
Get the best of Sporcle when you Go Orange. This ad-free experience offers more features, more stats, and more fun while also helping to support Sporcle. Thank you for becoming a member.

Show Comments

Extras

Top Quizzes Today


Score Distribution

Your Account Isn't Verified!

In order to create a playlist on Sporcle, you need to verify the email address you used during registration. Go to your Sporcle Settings to finish the process.

Report this User

Report this user for behavior that violates our Community Guidelines.

Details: